Las utopias del medio ambiente (Registro nro. 4990)
[ vista simple ]
| 000 -LEADER | |
|---|---|
| fixed length control field | 01417 a2200361 4500 |
| 001 - CONTROL NUMBER | |
| control field | 50260 |
| 005 - DATE AND TIME OF LATEST TRANSACTION | |
| control field | 20260407155802.0 |
| 008 - FIXED-LENGTH DATA ELEMENTS--GENERAL INFORMATION | |
| fixed length control field | 260407a1992 arg spa d |
| 003 - CONTROL NUMBER IDENTIFIER | |
| control field | AR-UNSa-BCEJYS |
| 040 ## - CATALOGING SOURCE | |
| Original cataloging agency | AR-UNSa-BCEJYS |
| Language of cataloging | spa |
| Transcribing agency | AR-UNSa-BCEJYS |
| 080 ## - UNIVERSAL DECIMAL CLASSIFICATION NUMBER | |
| Universal Decimal Classification number | 504.06 |
| Common auxiliary subdivision | Protección del medio ambiente. Gestión de la calidad del medio ambiente |
| 020 ## - INTERNATIONAL STANDARD BOOK NUMBER | |
| International Standard Book Number | 950-25-1347-9 |
| 041 ## - LANGUAGE CODE | |
| Language code of text/sound track or separate title | spa |
| 100 1# - MAIN ENTRY--PERSONAL NAME | |
| Personal name | Di Pace, María J. |
| 245 10 - TITLE STATEMENT | |
| Title | Las utopias del medio ambiente |
| Name of part/section of a work | desarrollo sustentable en la Argentina |
| 264 #1 - PRODUCTION, PUBLICATION, DISTRIBUTION, MANUFACTURE, AND COPYRIGHT NOTICE | |
| Place of production, publication, distribution, manufacture | Buenos Aires : |
| Name of producer, publisher, distributor, manufacturer | Centro Editor de America Latina |
| Date of production, publication, distribution, manufacture, or copyright notice | 1992 |
| 300 ## - PHYSICAL DESCRIPTION | |
| Extent | 204 p. |
| Dimensions | 21 cm. |
| 505 ## - FORMATTED CONTENTS NOTE | |
| Formatted contents note | 1. Las regiones argentinas: clasificación por zonas de vida - 2. Perfil de la Argentina - 3. Modelo actual del desarrollo - 4. La problemática ambiental argentina y sus relaciones a escala regional y global - 5. Cambios en el uso de la tierra para un desarrollo sustentable - 6. Algunas reflexiones y propuestas para la acción. |
| 590 ## - LOCAL NOTE (RLIN) | |
| Local note | niveau_biblio:m niveau_hierar:0 |
| 700 1# - ADDED ENTRY--PERSONAL NAME | |
| Personal name | Federovisky, Sergio |
| 700 1# - ADDED ENTRY--PERSONAL NAME | |
| Personal name | Cichero, Paula |
| 700 1# - ADDED ENTRY--PERSONAL NAME | |
| Personal name | Gallopín, Gilberto Carlos |
| 700 1# - ADDED ENTRY--PERSONAL NAME | |
| Personal name | Perelman, Pablo |
| 700 1# - ADDED ENTRY--PERSONAL NAME | |
| Personal name | Gómez, Isabel |
| 700 1# - ADDED ENTRY--PERSONAL NAME | |
| Personal name | Gross, Miguel |
| 700 1# - ADDED ENTRY--PERSONAL NAME | |
| Personal name | Gutman, Pablo |
| 700 1# - ADDED ENTRY--PERSONAL NAME | |
| Personal name | Hardoy, Jorge E. |
| 700 1# - ADDED ENTRY--PERSONAL NAME | |
| Personal name | Marchetti, Beatriz |
| 700 1# - ADDED ENTRY--PERSONAL NAME | |
| Personal name | Morello, Jorge H. |
| 700 1# - ADDED ENTRY--PERSONAL NAME | |
| Personal name | Pérez, Anahí |
| 700 1# - ADDED ENTRY--PERSONAL NAME | |
| Personal name | Winograd, Manuel |
| 942 ## - ADDED ENTRY ELEMENTS (KOHA) | |
| Koha item type | |
| Withdrawn status | Lost status | Damaged status | Not for loan | Home library | Current library | Shelving location | Date acquired | Total checkouts | Full call number | Barcode | Date last seen | Price effective from | Koha item type |
|---|---|---|---|---|---|---|---|---|---|---|---|---|---|
| Biblioteca Prof. Eusebio Cleto del Rey | Biblioteca Prof. Eusebio Cleto del Rey | 07/04/2026 | 504.06 D536 | L58570 | 07/04/2026 | 07/04/2026 | Libro | ||||||
| Biblioteca Prof. Eusebio Cleto del Rey | Biblioteca Prof. Eusebio Cleto del Rey | 07/04/2026 | 504.06 D536 | L58569 | 07/04/2026 | 07/04/2026 | Libro | ||||||
| Biblioteca Prof. Eusebio Cleto del Rey | Biblioteca Prof. Eusebio Cleto del Rey | 07/04/2026 | 504.06 D536 | L58567 | 07/04/2026 | 07/04/2026 | Libro | ||||||
| Biblioteca Prof. Eusebio Cleto del Rey | Biblioteca Prof. Eusebio Cleto del Rey | 07/04/2026 | 504.06 D536 | L58568 | 07/04/2026 | 07/04/2026 | Libro | ||||||
| Biblioteca Prof. Eusebio Cleto del Rey | Biblioteca Prof. Eusebio Cleto del Rey | 07/04/2026 | 504.06 D536 | L58571 | 07/04/2026 | 07/04/2026 | Libro |